| 000 | 00630nam a2200181 a 4500 | ||
|---|---|---|---|
| 001 | 000041062 | ||
| 005 | 20201002034605.0 | ||
| 008 | 130917s2005 sp a 000 0 spa d | ||
| 020 | _a9788400084103 | ||
| 040 |
_aDO-SdBNP _bspa _cBNPHU |
||
| 082 |
_axxxx _bxxxx |
||
| 100 | 1 |
_aBarreiro López, Paula _967558 |
|
| 245 | 1 | 0 |
_aArte normativo español : _bprocesos y principios para la creación de un movimiento / _cPaula Barreiro López. |
| 260 |
_aMadrid : _bCSIC, _c2005. |
||
| 300 |
_a163 p. : _bil. ; _c23 cm. |
||
| 504 | _aIncluye referencias bibliográficas y notas al pie de las páginas | ||
| 504 | _aBibliografía : p. 133-150 | ||
| 999 |
_c40552 _d40552 |
||